000 00941nam a2200265 a 4500
005 20170925171403.0
008 080604s2009 ck a jr 00010dspa d
020 _a9589767389
040 _aCO-BoBLA
_cCO-BoBLA
_dCO-BoIAvH
041 _aspa
044 _ack
082 0 4 _aI599.8
090 _aI-CUE
_b03
100 1 _aUribe Hurtado, Cristina,
_d1956-
245 1 0 _aAugusto Alfa :
_bAraguato del Arauca /
_ctexto y fotografías Cristina Uribe.
250 _aSegunda edición
260 3 _aBogotá :
_bCristina Uribe Ediciones,
_c2006.
300 _a33 páginas :
_bfotografías a color. ;
_c23 centímetros.
490 _aLibros Educativos - Aprendiendo sobre el mundo en que vivimos
500 _aGlosario : páginas 32-33.
650 6 _aMonos
_x Hábitos y conducta
_v Literatura juvenil.
650 6 _aMono aullador
_v Fotografías.
650 6 _aAraguatos
_v Fotografías.
942 _2z
_cLIBRO
999 _c19865
_d19865